| 000 | 00000nam##2200000za#4500 |
| 001 | 9.587684 |
| 003 | CaOODSP |
| 005 | 20210624194743 |
| 007 | cr ||||||||||| |
| 008 | 150406|2007||||xxc|||||o f|0| 0 fre|d |
| 022 | |a1701-1280 |
| 040 | |aCaOODSP|bfre |
| 041 | |aeng |
| 041 | |afre |
| 043 | |an-cn--- |
| 086 | 1 |aFs70-4/2007-014-PDF |
| 110 | 1 |aCanada. |bMinistère des pêches et des océans. |
| 245 | 10|aAtelier national sur l'évaluation d'un outil de quantification des risques biologiques (OQRB) à l'aide de diverses études de cas : |h[ressource électronique]|bles 29 et 30 novembre 2006, Ottawa (Ontario) / |c[par] B. Cudmore, M.A. Koops et N.E. Mandrak. |
| 260 | |aOttawa - Ontario : |bPêches et Océans Canada |cOctobre 2007. |
| 300 | |a19p.|btableaux |
| 490 | 1 |aSecrétariat canadien de consultation scientifique, série des comptes rendus|x1701-1280|v2007/014 |
| 590 | |a11-31-Supp|b2011-12-13 |
| 720 | 1 |aMandrak, N. E. |
| 720 | 1 |aCudmore, B. |
| 720 | 1 |aKoops, M.A. |
| 791 | |tNational workshop on the evaluation of a Quantitative Biological Risk Assessment Tool (QBRAT) through various case studies : |eeng|w(CaOODSP)9.587683 |
| 830 | #0|aCompte rendu (Secrétariat canadien de consultation scientifique)|x1701-1280|v2007/014|w(CaOODSP)9.500508 |
| 856 | 40|ahttp://publications.gc.ca|qPDF|s115 Ko|uhttps://publications.gc.ca/collections/collection_2011/mpo-dfo/Fs70-4-2007-014.pdf|y2007/014 |